LIBRARY & INFORMATION CENTRE, KCAET, TAVANUR

ONLINE PUBLIC ACCESS CATALOGUE (OPAC)

Electrical technology / (Record no. 1486)

MARC details
000 -LEADER
fixed length control field 00445cam a2200181ua 4500
041 ## - LANGUAGE CODE
Language code of text/sound track or separate title eng
082 ## - DEWEY DECIMAL CLASSIFICATION NUMBER
Classification number 621.301
Item number COT/EL
100 ## - MAIN ENTRY--AUTHOR NAME
Personal name Cotton, H .
245 ## - TITLE STATEMENT
Title Electrical technology /
260 ## - PUBLICATION, DISTRIBUTION, ETC. (IMPRINT)
Place of publication London :
Name of publisher English Language Book Society ,
Year of publication 1962.
300 ## - PHYSICAL DESCRIPTION
Number of Pages 599 ; .
942 ## - ADDED ENTRY ELEMENTS (KOHA)
Koha item type Books
Holdings
Withdrawn status Lost status Damaged status Home library Current library Date acquired Full call number Accession Number Koha item type Cost, normal purchase price
      KAUAET KAUAET 07/04/2012 621.301 787 Books  
Withdrawn     KAUAET KAUAET 07/04/2012 621.301 788 Books 7.20
free website counter